Makroekonomické rozhodovacie procesy

Guardado en:
Detalles Bibliográficos
Autor principal: Bacová, Viera
Autor Corporativo: Ekonomická univerzita v Bratislave. Národohospodárska fakulta
Otros Autores: Mokrý, Vladimír
Formato: Libro
Lenguaje:eslovaco
Publicado: Bratislava Ekonomická univerzita 1995
Edición:1. vyd.
Materias:
Etiquetas: Agregar Etiqueta
Sin Etiquetas, Sea el primero en etiquetar este registro!

MARC

LEADER 00000nam a2200000 4500
001 c009644
005 20221214071318.7
020 |a 80-225-0638-9 
041 0 |a slo 
044 |a SK 
245 1 0 |a Makroekonomické rozhodovacie procesy  |c Viera Bacová, Vladimír Mokrý 
250 |a 1. vyd. 
264 1 |a Bratislava  |b Ekonomická univerzita  |c 1995 
300 |a 132 s. 
610 2 0 |a makroekonomika 
610 2 0 |a procesy rozhodovacie 
610 2 0 |a cykly hospodárske 
610 2 0 |a podnikanie 
610 2 0 |a politika hospodárska 
610 2 0 |a inflácia 
610 2 0 |a nezamestnanosť 
610 2 0 |a hospodárstvo národné 
610 2 0 |a politika fiškálna 
610 2 0 |a dopyt 
610 2 0 |a ponuka 
100 1 |a Bacová, Viera 
700 1 |a Mokrý, Vladimír 
710 2 |a Ekonomická univerzita v Bratislave. Národohospodárska fakulta